000 00540cam a2200169 4500500
005 20251228091221.0
041 _afre
042 _adc
100 1 0 _aFeyerabend, Paul K.
_eauthor
700 1 0 _aGrimand, Véronique
_eauthor
700 1 0 _aRigal, Élisabeth
_eauthor
245 0 0 _aLes recherches philosophiques de Wittgenstein
260 _c2005.
500 _a22
786 0 _nPhilosophie | 86 | 3 | 2005-06-01 | p. 3-39 | 0294-1805
856 4 1 _uhttps://shs.cairn.info/revue-philosophie-2005-3-page-3?lang=fr&redirect-ssocas=7080
999 _c1603132
_d1603132